Statistics for NASCAR Cup Winners at New Hampshire Motor Speedway

Click here to take the quiz!

General Stats

  • This quiz has been taken 216 times
    (69 since last reset)
  • The average score is 42 of 52

Answer Stats

YearWinner% Correct
2006Kevin Harvick
98%
2019Kevin Harvick
98%
2018Kevin Harvick
98%
2016Kevin Harvick
98%
1995Jeff Gordon
95%
1997Jeff Gordon
95%
1998Jeff Gordon
95%
2001Robby Gordon
95%
2009Joey Logano
93%
2014Joey Logano
93%
2004Kurt Busch
93%
2004Kurt Busch
93%
2008Kurt Busch
93%
2017Kyle Busch
93%
2015Kyle Busch
93%
2006Kyle Busch
93%
2014Brad Keselowski
90%
2020Brad Keselowski
90%
2003Jimmie Johnson
90%
2003Jimmie Johnson
90%
2010Jimmie Johnson
90%
2000Tony Stewart
90%
2005Tony Stewart
90%
2011Tony Stewart
90%
2017Denny Hamlin
85%
2012Denny Hamlin
85%
2007Denny Hamlin
85%
2023Martin Truex Jr
85%
2009Mark Martin
83%
2013Matt Kenseth
83%
2016Matt Kenseth
83%
2015Matt Kenseth
83%
2022Christopher Bell
78%
1998Jeff Burton
78%
1997Jeff Burton
78%
2000Jeff Burton
78%
1999Jeff Burton
78%
2002Ryan Newman
78%
2005Ryan Newman
78%
2011Ryan Newman
78%
2002Ward Burton
78%
2021Aric Almirola
75%
2007Clint Bowyer
70%
2010Clint Bowyer
70%
2008Greg Biffle
70%
2012Kasey Kahne
70%
1993Rusty Wallace
68%
2001Dale Jarrett
63%
2013Brian Vickers
45%
1996Ernie Irvan
43%
1994Ricky Rudd
38%
1999Joe Nemechek
35%

Score Distribution

Percentile by Number Answered

Percent of People with Each Score

Your Score History

You have not taken this quiz since the last reset